Cities in Pennsylvania by picture - Statistics

General Stats
  • This quiz has been taken 15 times
  • The average score is 6 of 16
Answer Stats
Picture Answer % Correct
Philadelphia
100%
Erie
92%
Pittsburgh
92%
Allentown
77%
Scranton
54%
Harrisburg
46%
Lancaster
38%
Altoona
31%
Johnstown
31%
Boyertown
0%
Canonsburg
0%
Hazleton
0%
Jeannette
0%
Norristown
0%
Phoenixville
0%
Uniontown
0%
No matching quizzes found
Score Distribution
Percent of People with Each Score
Percentile by Number Answered
Your Score History
You have not taken this quiz